| 000 | 00525nam a2200169 i 4500 | ||
|---|---|---|---|
| 001 | 129273 | ||
| 003 | ES-MaACL | ||
| 005 | 20230906193454.0 | ||
| 007 | t| | ||
| 008 | 070611s1922 xxk ||||1| eng d | ||
| 100 | 1 |
_aTerman, Lewis M. _9109746 |
|
| 245 | 1 | 4 |
_aThe measurement of intelligence / _cby Lewis M. Terman ; with an introduction by J.J. Findlay. |
| 260 |
_aLondon, etc. : _bGeorge G. Harrap & Comp., _c[1922] |
||
| 300 |
_aXIII, 362 p. ; _c19 cm. |
||
| 700 | 1 |
_aFindlay, J. J. _950881 |
|
| 852 |
_aES-MaACL _jF-7206 |
||
| 999 |
_c129273 _d129273 |
||